| 000 | 00414nam a2200169Ia 4500 | ||
|---|---|---|---|
| 003 | 0100 | ||
| 008 | 130303s9999 xx 000 0 und d | ||
| 040 | _cARRUPELIB | ||
| 050 | _aHC79.E5E75 1983 | ||
| 100 | _aScherer, Donald Attig, Thomas | ||
| 245 | _aEthics and the Environment | ||
| 260 | _aEnglewood Cliffs, New Jersey | ||
| 260 | _bPrentice-Hall, INC | ||
| 260 | _C1983 | ||
| 300 | _a236P | ||
| 942 | 0 | 0 | _01 |
| 999 |
_c24411 _d24411 |
||